<?xml version="1.0" encoding="UTF-8"?><?xml-stylesheet type="text/xsl" href="static/style.xsl"?><OAI-PMH xmlns="http://www.openarchives.org/OAI/2.0/" xmlns:xsi="http://www.w3.org/2001/XMLSchema-instance" xsi:schemaLocation="http://www.openarchives.org/OAI/2.0/ http://www.openarchives.org/OAI/2.0/OAI-PMH.xsd"><responseDate>2026-04-13T04:06:12Z</responseDate><request verb="GetRecord" identifier="oai:www.recercat.cat:2445/169291" metadataPrefix="marc">https://recercat.cat/oai/request</request><GetRecord><record><header><identifier>oai:recercat.cat:2445/169291</identifier><datestamp>2025-11-20T14:57:35Z</datestamp><setSpec>com_2072_1057</setSpec><setSpec>col_2072_478916</setSpec><setSpec>col_2072_478917</setSpec><setSpec>col_2072_478931</setSpec></header><metadata><record xmlns="http://www.loc.gov/MARC21/slim" xmlns:dcterms="http://purl.org/dc/terms/" xmlns:xsi="http://www.w3.org/2001/XMLSchema-instance" xmlns:doc="http://www.lyncode.com/xoai" xsi:schemaLocation="http://www.loc.gov/MARC21/slim http://www.loc.gov/standards/marcxml/schema/MARC21slim.xsd">
   <leader>00925njm 22002777a 4500</leader>
   <datafield ind2=" " ind1=" " tag="042">
      <subfield code="a">dc</subfield>
   </datafield>
   <datafield ind2=" " ind1=" " tag="720">
      <subfield code="a">Lleras de Frutos, María</subfield>
      <subfield code="e">author</subfield>
   </datafield>
   <datafield ind2=" " ind1=" " tag="720">
      <subfield code="a">Medina Alcaraz, Juan Carlos</subfield>
      <subfield code="e">author</subfield>
   </datafield>
   <datafield ind2=" " ind1=" " tag="720">
      <subfield code="a">Vives Brosa, Jaume</subfield>
      <subfield code="e">author</subfield>
   </datafield>
   <datafield ind2=" " ind1=" " tag="720">
      <subfield code="a">Casellas-Grau, Anna</subfield>
      <subfield code="e">author</subfield>
   </datafield>
   <datafield ind2=" " ind1=" " tag="720">
      <subfield code="a">Marzo, J.L.</subfield>
      <subfield code="e">author</subfield>
   </datafield>
   <datafield ind2=" " ind1=" " tag="720">
      <subfield code="a">Borràs Andrés, Josep Maria</subfield>
      <subfield code="e">author</subfield>
   </datafield>
   <datafield ind2=" " ind1=" " tag="720">
      <subfield code="a">Ochoa Arnedo, Cristian</subfield>
      <subfield code="e">author</subfield>
   </datafield>
   <datafield ind2=" " ind1=" " tag="260">
      <subfield code="c">2020-07-22T13:34:51Z</subfield>
   </datafield>
   <datafield ind2=" " ind1=" " tag="260">
      <subfield code="c">2020-06</subfield>
   </datafield>
   <datafield ind2=" " ind1=" " tag="260">
      <subfield code="c">2020-07-22T13:34:51Z</subfield>
   </datafield>
   <datafield ind2=" " ind1=" " tag="520">
      <subfield code="a">Objective This study assesses the effectiveness of face‐to‐face group positive psychotherapy for cancer survivors (PPC) compared to its online adaptation, online group positive psychotherapy for cancer survivors (OPPC), which is held via videoconference. A two‐arm, pragmatic RCT was conducted to examine the effects of both interventions on emotional distress, posttraumatic stress (PTSS) and posttraumatic growth (PTG) among cancer survivors and analyze attrition to treatment. Methods Adult women with a range of cancer diagnoses were invited to participate if they experienced emotional distress at the end of their primary oncological treatment. Emotional distress, PTSS and PTG were assessed at baseline, immediately after treatment and three months after treatment. Intention‐to‐treat analyses were carried out using general linear mixed models to test the effect of the interventions overtime. Logistic regressions were performed to test differential adherence to treatment and retention to follow‐up. Results A total of 269 individuals participated. The observed treatment effect was significant in both modalities, PPC and OPPC. Emotional distress (b = − 2.24, 95%CI = ‐3.15‐ −1.33) and PTSS (b = − 3.25, 95%CI = ‐4.97‐ −1.53) decreased significantly over time, and PTG (b = 3.08, 95%CI = 0.38‐5.78) increased significantly. Treatment gains were sustained across outcomes and over time. Analyses revealed no significant differences between modalities of treatment, after adjusting for baseline differences, finding that OPPC is as effective and engaging as PPC. Conclusions The OPPC treatment was found to be effective and engaging for female cancer early survivors. These results open the door for psycho‐oncology interventions via videoconference, which are likely to lead to greater accessibility and availability of psychotherapy.</subfield>
   </datafield>
   <datafield tag="653" ind2=" " ind1=" ">
      <subfield code="a">Oncologia</subfield>
   </datafield>
   <datafield tag="653" ind2=" " ind1=" ">
      <subfield code="a">Psicoteràpia de grup</subfield>
   </datafield>
   <datafield tag="653" ind2=" " ind1=" ">
      <subfield code="a">Videoconferències</subfield>
   </datafield>
   <datafield tag="653" ind2=" " ind1=" ">
      <subfield code="a">Oncology</subfield>
   </datafield>
   <datafield tag="653" ind2=" " ind1=" ">
      <subfield code="a">Group psychotherapy</subfield>
   </datafield>
   <datafield tag="653" ind2=" " ind1=" ">
      <subfield code="a">Videoconferencing</subfield>
   </datafield>
   <datafield ind2="0" ind1="0" tag="245">
      <subfield code="a">Video Conference vs Face‐to‐Face Group Psychotherapy for Distressed Cancer Survivors : A Randomized Controlled Trial</subfield>
   </datafield>
</record></metadata></record></GetRecord></OAI-PMH>